John Quincy Adams and the foundations of American foreign policy / (Record no. 13011)

MARC details
000 -LEADER
fixed length control field 01077cam a2200289 i 4500
001 - CONTROL NUMBER
control field 1827033
003 - CONTROL NUMBER IDENTIFIER
control field EG-ScBUE
005 - DATE AND TIME OF LATEST TRANSACTION
control field 20240704113249.0
008 - FIXED-LENGTH DATA ELEMENTS--GENERAL INFORMATION
fixed length control field 800911s1950 nyuof f b 001 0beng d
020 ## - INTERNATIONAL STANDARD BOOK NUMBER
International Standard Book Number 0313226369 (lib. bdg.)
040 ## - CATALOGING SOURCE
Original cataloging agency DLC
Language of cataloging eng
Description conventions rda
Transcribing agency DLC
Modifying agency DLC
-- EG-ScBUE
043 ## - GEOGRAPHIC AREA CODE
Geographic area code n-us---
082 04 - DEWEY DECIMAL CLASSIFICATION NUMBER
Classification number 973.550
Item number BEM
Edition number 22
100 1# - MAIN ENTRY--PERSONAL NAME
Personal name Bemis, Samuel Flagg,
Dates associated with a name 1891-1973,
Relator term author.
9 (RLIN) 9791
245 10 - TITLE STATEMENT
Title John Quincy Adams and the foundations of American foreign policy /
Statement of responsibility, etc by Samuel Flagg Bemis.
264 #1 - PUBLICATION, DISTRIBUTION, ETC. (IMPRINT)
Place of publication, distribution, etc New York :
Name of publisher, distributor, etc Alfred A. Knopf,
Date of publication, distribution, etc 1950.
300 ## - PHYSICAL DESCRIPTION
Extent xix, 588, xv pages, [14] leaves of plates (one folded) :
Other physical details photographs ;
Dimensions 24 cm
336 ## - CONTENT TYPE
Source rdacontent
Content type term text
Content type code txt
337 ## - MEDIA TYPE
Media type term unmediated
Source rdamedia
Media type code n
338 ## - CARRIER TYPE
Carrier type term volume
Carrier type code nc
Source rdacarrier
504 ## - BIBLIOGRAPHY, ETC. NOTE
Bibliography, etc Includes bibliographical references and index.
600 17 - SUBJECT ADDED ENTRY--PERSONAL NAME
Personal name Adams, John Quincy,
Dates associated with a name 1767-1848.
Source of heading or term BUEsh
9 (RLIN) 9792
650 #7 - SUBJECT ADDED ENTRY--TOPICAL TERM
Topical term or geographic name as entry element Presidents
Geographic subdivision United States
General subdivision Biography.
Source of heading or term BUEsh
9 (RLIN) 9793
651 #7 - SUBJECT ADDED ENTRY--GEOGRAPHIC NAME
Geographic name United States
General subdivision Foreign relations
Chronological subdivision 1783-1865.
Source of heading or term BUEsh
9 (RLIN) 9794
655 ## - INDEX TERM--GENRE/FORM
Form subdivision Reading book
942 ## - ADDED ENTRY ELEMENTS (KOHA)
Source of classification or shelving scheme Dewey Decimal Classification
Koha item type Book - Borrowing
Holdings
Withdrawn status Lost status Source of classification or shelving scheme Damaged status Not for loan Collection code Home library Current library Shelving location Date acquired Source of acquisition Total Checkouts Full call number Barcode Date last seen Price effective from Koha item type Public note
    Dewey Decimal Classification     Donation-Gift Central Library Central Library Second Floor 09/12/2009 Donation   973.550 BEM 000019193 15/07/2025 09/12/2009 Book - Borrowing donated by Alaa AbdelGhaney